000 00737nam a2200217Ii 4500
003 JO-AjNU
008 230605s9999||||xx |||||||||||||| ||und||
017 _a1984/450
040 _aJO-AjNU
_bara
_erda
_cJO-AjNU
041 _aara
050 1 4 _aPN879.A7.S2438 1984
100 3 _aتأليف سلوم، داوود,
_eauthor
_936643
245 0 0 _aدراسات في الأدب المقارن التطبيقي
264 3 1 _aبغداد: وزارة الثقافة،1984
300 _a365ص
336 _atext
_btxt
_2rdacontent
337 _aunmediated
_bn
_2rdamedia
338 _avolume
_bnc
_2rdacarrier
490 0 _aسلسلة دراسات (354)
650 4 _aالأدب العربي - الأدب المقارن - دراسات
_936644
999 _aA15242
_c18810
_d18810